WRC manufacturer championship - Statistics

General Stats
  • This quiz has been taken 211 times
  • The average score is 43 of 49
Answer Stats
Hint Answer % Correct
1979 Ford
99%
2006 Ford
99%
2007 Ford
99%
2017 Ford
99%
1993 Toyota
97%
1994 Toyota
97%
1999 Toyota
97%
2018 Toyota
97%
2021 Toyota
97%
1995 Subaru
94%
1996 Subaru
94%
1997 Subaru
94%
2019 Hyundai
92%
2020 Hyundai
92%
1982 Audi
90%
1984 Audi
90%
1974 Lancia
90%
1975 Lancia
90%
1976 Lancia
90%
1983 Lancia
90%
1987 Lancia
90%
1988 Lancia
90%
1989 Lancia
90%
1990 Lancia
90%
1991 Lancia
90%
1992 Lancia
90%
2013 Volkswagen
89%
2014 Volkswagen
89%
2015 Volkswagen
89%
2016 Volkswagen
89%
2003 Citroën
88%
2004 Citroën
88%
2005 Citroën
88%
2008 Citroën
88%
2009 Citroën
88%
2010 Citroën
88%
2011 Citroën
88%
2012 Citroën
88%
1985 Peugeot
85%
1986 Peugeot
85%
2000 Peugeot
85%
2001 Peugeot
85%
2002 Peugeot
85%
1998 Mitsubishi
82%
1973 Alpine
74%
1977 Fiat
63%
1978 Fiat
63%
1980 Fiat
63%
1981 Talbot
33%
No matching quizzes found
Score Distribution
Percent of People with Each Score
Percentile by Number Answered
Your Score History
You have not taken this quiz